000 00755 a2200241 4500
005 20260415120238.0
008 260415b |||||||| |||| 00| 0 eng d
020 _a978-1-5036-3250-9
037 _cTB
040 _aCRL
_cCRL
041 _2eng
_aeng
084 _aQ6:21 R4
_qCRL
100 _aMazza, Roerta
_91115730
245 _aStolen fragments:
_bblack markets, bad faith, and the illicit trade in ancient artefacts
260 _aStanford, California:
_bRedwood Press,
_c2024.
300 _a263p.
365 _b30.00
_cUSD
650 _aBible
_9478275
650 _aChristianity
650 _aReligion
942 _cTB
_2CC
_hQ6:21 R4
999 _c1679623
_d1679623